000 00376nam a22001697a 4500
005 20260408151334.0
008 160629b xxu||||| |||| 00| 0 eng d
020 _a0-571-22043-6
041 _aeng
082 _a822.914
100 _aAlan Bennett
_98957
245 _aRolling Home
260 _bFober
_c2003
300 _a226
650 _aenglish drama
_98926
942 _cBK
999 _c4581
_d4579